Normal view
MARC view
Entry Topical Term
001 - CONTROL NUMBER
- control field: 262194
003 - CONTROL NUMBER IDENTIFIER
- control field: St Aloysius Coll
005 - DATE AND TIME OF LATEST TRANSACTION
- control field: 20260418161435.0
008 - FIXED-LENGTH DATA ELEMENTS
- fixed length control field: 260418|| aca||aabn | a|a d
040 ## - CATALOGING SOURCE
- Original cataloging agency: St Aloysius Coll
- Transcribing agency: St Aloysius Coll
150 ## - HEADING--TOPICAL TERM
- Topical term or geographic name entry element: Manangement
670 ## - SOURCE DATA FOUND
- Source citation: Work cat.: (St Aloysius Coll)241307: Bindhu D 262193, Human resource management, 2025